Państwa w których byłem (Pandryf) - Statystyki

Ogólne statystyki
  • Ten quiz został rozwiązany 387 razy
    207 od ostatniego zresetowania
  • Średni wynik to 10 z 13
Statystyki odpowiedzi
Kontynent Rok ostatniego pobytu Państwo % Poprawnych
Europa 2025 Niemcy
96%
Europa 2024 Czechy
93%
Europa 2026 Polska
92%
Europa 2024 Słowacja
91%
Afryka 2010 Egipt
85%
Europa 2019 Ukraina
80%
Europa 2017 Chorwacja
79%
Europa 2017 Austria
78%
Europa 2024 Węgry
78%
Europa 2017 Słowenia
68%
Europa 2024 Serbia
65%
Europa 2024 Bułgaria
63%
Europa 2024 Albania
46%
Nie znaleziono quizów pasujących do podanych kryteriów
Rozkład punktacji
Procent ludzi z każdym wynikiem
Percentyl według liczby udzielonych odpowiedzi
Twoja historia wyników
Nie rozwiązałeś tego quizu od ostatniego zresetowania